Quizzes
Events
Quiz Creation
Community
Videos
Private Events
Remove Ads
Sign In
Join for FREE
Feedback
Dark Mode
Quiz Categories
Sports
Geography
Music
Movies
Television
Just For Fun
Miscellaneous
History
Literature
Language
Science
Gaming
Entertainment
Religion
Holiday
For Kids
Quiz Lab
Recent
Popular Today
Quiz Kudos Today
Editor Picks
Curator Picks
Quizzes by...
Day
Popularity
Type
Ratings
Length
Year
Community
Subscriptions
Recent Discussions
Orange Saloon
Badges
Playlists
Quests
Create
Leaderboards
Showdown
Live 5
Trivia Bingo
Activity
Puzzle Library
Sporcle Events
Private Events
Virtual Trivia
Globe League
Become a Host
Pub Owners
SporcleCon
Opinionation
Our Games
Videos
Blog
Mobile Apps
Partnerships
Remove Ads and Go Orange
Feedback
Music
Pop Music
The Beatles
Song
Album
Lyrics
Bands
Singers
Artist
Clip
Rock
Rap
Classical
Billboard
Country Music
Kpop
Taylor Swift
Music
Pop Music
The Beatles
Song
Album
Lyrics
Bands
Singers
Artist
Clip
Rock
Rap
Classical
Billboard
Country Music
Kpop
Taylor Swift
Random Quiz
Search Sporcle
×
Quiz Lab
Quiz Lab
Music
Song
Select answers by clicking on text or image buttons
Select answers by clicking on text or image buttons
Clickable
Best Score? Go Orange.
AllTimeLow Albums Stats
Can you name the All Time Low Songs from their albums?
By
_KarinaMililani_
10m
78 Questions
411 Plays
411 Plays
411 Plays
Comments
Comments
Give Quiz Kudos
Give Quiz Kudos
-
- Ratings
hide this ad
Random Order
Randomize order of answers
Randomize order of answers
Replay
Link that replays current quiz
Next Quiz
Link to next quiz in quiz playlist
You Got
0%
They Got
Avg Score
94%
Avg Friend Score
Upgrade to see
Score Distribution
Jump to the score distribution portion of the page
Score
0/78
Timer
10:00
0
Plays Today
% Correct
Dear Maria, Count Me In
96.4%
A Party Song
96.4%
Break your little Heart
96.1%
Lost In Stereo
95.9%
Backseat Serenade
95.9%
If These Sheets Were States
95.9%
Damned If I Do Ya
95.9%
Six Feet Under The Stairs
95.6%
Damned If I Do Ya
95.6%
Therapy
95.6%
Coffee Shop Soundtrack
95.6%
Weightless
95.6%
Kicking And Screaming
95.6%
Somethings Gotta Give
95.6%
Missing You
95.6%
Vegas
95.4%
Sick Litlle Games
95.4%
Too Much
95.4%
For Baltimore
95.4%
Remembering Sunday
95.4%
Satellite
95.4%
Runaways
95.4%
Cinderblock Garden
95.4%
Lullbies
95.1%
Come One Come All
95.1%
Do You Want Me (DEAD?
95.1%
Forget About It
95.1%
Just The Way Im Not
95.1%
That Girl
95.1%
The Reckless And The Brave
95.1%
Somewhere In Neverland
95.1%
To Live And Let Go
95.1%
Paint You Wings
95.1%
Kids In The Dark
95.1%
Tidal Waves
95.1%
Dont You Go
95.1%
The Party Scene
94.9%
The Beach
94.9%
Hello Brooklyn
94.9%
% Correct
Walls
94.9%
Keep The Change, You Filthy Animal
94.9%
I Feel Like Dancin
94.9%
Time-bomb
94.9%
Return The Favor
94.9%
The Irony Of Choking On A Lifesaver
94.9%
Dear Maria, Count Me In
94.9%
Bail Me Out
94.9%
Shameless
94.6%
Weightless
94.6%
Stella
94.6%
Under A Paper Moon
94.6%
No Idea
94.6%
A DayDream Away
94.6%
Heroes
94.6%
So Long Soldier
94.6%
So Long And Thanks For All The Booze
94.6%
This Is How We Do
94.4%
Remembering Sunday
94.4%
Stay Awake
94.4%
Poppin Champagne
94.4%
Guts
94.4%
Outlines
94.4%
Thanks To You
94.4%
Circles
94.2%
Running From Lions
94.2%
Jasey Rae
94.2%
Break Out Break Out
93.9%
Let It Roll
93.7%
The Girls A Straight Up Hustler
93.4%
Hometown Heroes National Nobodies
93.2%
Noel
93.2%
Holly
93.2%
I Cant Do The One Two Step
92.7%
Sticks Stones And Techno
92.7%
Prelude
92.2%
We Say Summer
92%
Interlude
91.7%
King For A Day
90.7%
Quiz Playlist
Details
Report
Send in Message
Add To Playlist
Clickable:
Select answers by clicking on text or image buttons
Random Order:
Randomize order of answers
Last Updated: Feb 16, 2017
Quiz Scoreboard
CHALLENGE
Sign Up to Join the Scoreboard
Show All
Scores
Hide
Comments
May contain spoilers
Recently Published
TV Characters by Other Roles V
by ghcgh
Television
5m
Decade Duel: World Leaders
by jenniferyan
History
4m
Alphabetical 'K' Countries by Flag Minefield
by ylime102
Geography
3m
More to Explore
Quiz From the Vault
Featured Blog Post
15 Basketball Trivia Facts You Can Be March Mad About
hide this ad
You Might Also Like...
Tags
Album Quiz
Song Quiz
All Time
All Time Low
Low
Low Songs
Today's Top Quizzes in Music
Browse Music
hide this ad
Today's Top Quizzes in Song
Browse Song
Top Contributed Quizzes in Music
1
Taylor Swift All Songs (2024)
2
Decade Duel: Singer
3
Taylor Swift Logic Puzzle
4
KPOP LOGIC QUIZ
5
Guess The Taylor Swift Lyrics Song #1
6
Guess the Taylor Swift song (Mystery Song)
7
A Taylor Swift Logic Puzzle
8
2 word kpop group match
9
Madness Songs By Image
10
kpop group name match up
Explore More
Trending Topics
Crossword
Anime
Harry Potter
Kpop
Marvel
Disney
NBA
Puzzle
The Office
Country
Song
NFL
Soccer
Pokémon
WWE
hide this ad
More By:
_KarinaMililani_
Quiz
Plays
Rating
Category
Featured
Created
AllTimeLow Albums
411
1.00
Music
Jun 4, 2015
Go to Creator's Profile
Score Distribution
Quiz Creator Spotlight
_KarinaMililani_
Follow
Send a Message
Quizzes Created
-
Created Quiz Play Count
-
More By This Creator
Popular Quizzes Today
1
Countries of Asia Without Outlines Minefield
2
Find the US States - No Outlines Minefield
3
Pick 6: Fruits
4
The Countries of the World
5
Find the Countries of Europe - No Outlines Minefield
6
Alphabetical 'K' Countries by Flag Minefield
7
Find the US States
8
US States
More Music Quizzes
GOT7 Songs by Any Word
Quiz Lab
Trending Quizzes
Pick 6: Mountains
Pick 6: Harry Potter
Pick 6: NFL Teams
Pick 6: Flags
C Names for Actors
Recently Updated
Adaptations: Name the Title
pecheneg
NWSL Teams
pecheneg
Women's Final Four Teams by Year
bhenderson79
Presidents Quartet II
eogle
Anything But Clue(do)
eogle
Anything But Oceanian Capitals
eogle
Anything But 7
eogle
Anything But Thing
eogle
Word Ladder: February 29
pecheneg
Song Title Questions
pecheneg
Trending Topics
NBA
Marvel
Disney
Anime
Crossword
Kpop
Harry Potter
The Office
Soccer
Country
Pokémon
Puzzle
NFL
WWE
Song
Your Account Isn't Verified!
In order to create a playlist on Sporcle, you need to verify the email address you used during registration. Go to your
Sporcle Settings
to finish the process.
Report this User
Report this user for behavior that violates our
Community Guidelines
.
Details:
Send Report
Go to the Sporcle.com Mobile Site →
Comments